000 00513nam a2200217Ia 4500
003 OSt
005 20140311163113.0
008 140130s9999 xx 000 0 und d
020 _a0439114934
050 _aPZ 7
_b.M821 2000
100 _aMoore, Eva
_95228
245 _aSpace Explorers /
_cMoore, Eva
260 _bScholastic,
_a2000.
_cNew York :
300 _a76 p. :
_bill. ;
_c18 cm.
440 _v1
_931034
521 _aG3
526 _c560
942 _cBK
_2lcc
999 _c40658
_d40658